000 00597nam a22001815i 4500
001 152107
003 ES-MaACL
005 20250825092522.0
008 050907s1868 fr | |||||||| ||fre d
080 _a019.922
245 0 0 _aBibliothèque choisie a l'usage des gens du monde /
_cpubliée par Léon Techener.
260 _aParís :
_b[Léon Techener],
_c1868.
300 _a23 p. ;
_c23 cm.
650 7 _aLibros seleccionados
_2embne
_914455
700 1 _aTechener, Léon.
_9133160
852 4 _aES-MaACL
_jT-95-F-9
_z- Enc. hol.
_z- Enc. en un vol. facticio
999 _c152107
_d152107